Statystyki dla Rozwinięcie dziesiętne liczby Pi

Kliknij tutaj aby rozwiązać quiz!

Ogólne statystyki

  • Ten quiz został rozwiązany 728 razy
  • Średni wynik to 11 z 50

Statystyki odpowiedzi

3, ...% Poprawnych
1
99%
4
97%
1
89%
5
81%
9
66%
2
62%
6
49%
5
38%
3
36%
5
33%
8
31%
9
30%
7
26%
9
26%
3
25%
2
24%
3
22%
8
20%
4
19%
6
16%
2
15%
6
14%
4
13%
3
12%
3
10%
8
9%
2
8%
3
8%
7
7%
9
7%
0
6%
2
6%
5
6%
8
4%
8
4%
1
3%
1
3%
3
3%
4
3%
6
3%
7
3%
9
3%
9
3%
9
3%
3
2%
7
2%
9
2%
0
1%
1
1%
5
1%

Rozkład punktacji

Percentyl według liczby udzielonych odpowiedzi

Procent ludzi z każdym wynikiem

Twoja historia wyników

Nie rozwiązałeś tego quizu